| 000 | 00710nam a2200241Ia 4500 | ||
|---|---|---|---|
| 008 | 131103s9999 xx 000 0 und d | ||
| 020 | _a007124476X | ||
| 040 | _aLoreto College | ||
| 041 | _aEnglish | ||
| 082 |
_a005.74/SIL _bLCLIB/46033;46714 |
||
| 100 | _aSilberschatz, Abraham | ||
| 245 |
_aDatabase system concepts _cAbraham Silberschatz, Henry F. Korth, S. Sudarshan |
||
| 250 | _a5th ed | ||
| 260 |
_aNew York _bMcGraw-Hill Higher Education _c2006 |
||
| 300 |
_axxvi,1142p _c 24 cm |
||
| 504 | _aIncludes bibliography and index | ||
| 630 | _aDatabase | ||
| 650 | _aComputer Science | ||
| 651 | _aDatabase systems | ||
| 700 | _aKorth, Henry F. | ||
| 850 | _aLCLIB/005.74/SIL | ||
| 942 | _cBK | ||
| 999 |
_c18049 _d68528 |
||